书目信息 |
| 题名: |
采桑子
|
|
| 作者: | 叶广芩 著 | |
| 分册: | ||
| 出版信息: | 北京 北京十月文艺出版社 1999.10 |
|
| 页数: | 436页 | |
| 开本: | 32开 | |
| 丛书名: | ||
| 单 册: | ||
| 中图分类: | I247.5 | |
| 科图分类: | ||
| 主题词: | 小说--中国 | |
| 电子资源: | ||
| ISBN: | 7-5302-0608-7 | |
| 000 | 00524nam0 2200193 45 | |
| 001 | 0011011907 | |
| 005 | 20001122114729.9 | |
| 010 | @a7-5302-0608-7@d21.00元 | |
| 100 | @a20001101d1999 km y0chiy0120 ea | |
| 101 | 0 | @achi |
| 105 | @a z 000yy | |
| 200 | 1 | @a采桑子@ACai Sang Zi@f叶广芩著@FYe Guang Qin Zhu |
| 210 | @a北京@c北京十月文艺出版社@d1999.10 | |
| 215 | @a436页@d32开 | |
| 606 | 0 | @a小说@x中国 |
| 690 | @aI247.5@v3 | |
| 701 | 0 | @a叶广芩@4著 |
| 801 | @aCN@bPftUser@c20001101 | |
| 905 | @dI247.5@eY679@b500707-709@f3 | |
| 采桑子/叶广芩著.-北京:北京十月文艺出版社,1999.10 |
| 436页;32开 |
| ISBN 7-5302-0608-7:21.00元 |
| ● |
| 相关链接 |
|
|
|
正题名:采桑子
索取号:I247.5/Y679
 
预约/预借
| 序号 | 登录号 | 条形码 | 馆藏地/架位号 | 状态 | 备注 |
| 1 | 500707 | 205007071 | 社科二线400B/400B社科库 23排3列1层/ [索取号:I247.5/Y679] | 在馆 | |
| 2 | 500708 | 205007080 | 社科二线400B/400B社科库 18排2列3层/ [索取号:I247.5/Y679] | 在馆 | |
| 3 | 500709 | 205007099 | 文学库108/ [索取号:I247.5/Y679] | 在馆 |